000 00491nam a22001577a 4500
003 OSt
005 20151101091237.0
008 151101b xxu||||| |||| 00| 0 eng d
040 _cRUA
082 _aFOR កង 1990 B115 Or.1
100 _93101
_aកង, គឹមលី
245 _aវិធានការបង្កើនទិន្នផលព្រៃឈើខេត្តរតនគីរី
260 _aPhnom Penh
_bRUA
_c1990
300 _a185p.
_bill.
_c29cm.
942 _2ddc
_cFOR
999 _c2890
_d2890